000 00461nam a2200181Ia 4500
005 20250923150317.0
008 008 250917s9999 xx 000 0 eng d
037 _aTextual
040 _aDSWL
_beng
_cDSWL
041 _aeng
_2eng
084 _qDSWL
100 _aShroff,Neela
_9844555
245 0 _aHome Rediscovered
_cby Neela Shroff
260 _aMumbai
_bVatsalya Foundation
_c2011
300 _a170p.
942 _cTEXL
999 _c1462000
_d1462000